Cours de mathématiques du premier cycle (Record no. 57238)

MARC details
000 -LEADER
campo de control de longitud fija 00734nam a2200205 i 4500
001 - NÚMERO DE CONTROL
campo de control 57238
003 - IDENTIFICADOR DE NÚMERO DE CONTROL
campo de control ES-MaACL
007 - CAMPO FIJO DE DESCRIPCIÓN FÍSICA--INFORMACIÓN GENERAL
campo de control de longitud fija t|
008 - DATOS DE LONGITUD FIJA--INFORMACIÓN GENERAL
campo de control de longitud fija 031015s1973 fr ||||1| fre d
100 1# - ENTRADA PRINCIPAL--NOMBRE DE PERSONA
Nombre de persona Diximier, Jacques.
9 (RLIN) 44900
245 10 - MENCIÓN DEL TÍTULO
Título Cours de mathématiques du premier cycle
Resto del título : . Premier année : exercises, indications de solutions, reponses /
Mención de responsabilidad, etc. Jacques Dixmier ; avec la collaboration de Pierre Dugac.
250 ## - MENCION DE EDICION
Mención de edición [2eme ed. rev. et aug.].
260 ## - PUBLICACIÓN, DISTRIBUCIÓN, ETC.
Lugar de publicación, distribución, etc. Paris :
Nombre del editor, distribuidor, etc. Gauthier-Villars,
Fecha de publicación, distribución, etc. 1973.
300 ## - DESCRIPCIÓN FÍSICA
Extensión VIII, 632 p. ;
Dimensiones 24 cm.
490 1# - MENCIÓN DE SERIE
Mención de serie Cahiers scientifiques ;
Designación de volumen o secuencia 30
700 1# - ENTRADA AGREGADA--NOMBRE PERSONAL
Nombre de persona Dugac, Pierre.
9 (RLIN) 45921
830 0# - PUNTO DE ACCESO ADICIONAL DE SERIE-TÍTULO UNIFORME
Título uniforme Cahiers scientifiques ;
Designación de volumen o secuencia 30
9 (RLIN) 181884
852 ## - LOCALIZACIÓN
Ubicación ES-MaACL
Número de control de estantería E-5302
Sublocalización o colección R.89775
Holdings
Estatus retirado Estado de pérdida Estado de daño No para préstamo Biblioteca de origen Biblioteca actual Ubicación en estantería Fecha de adquisición Fuente de adquisición Total de préstamos Signatura topográfica completa Código de barras Visto por última vez Precio de reemplazo Tipo de ítem Koha
        Biblioteca del Ateneo de Madrid Biblioteca del Ateneo de Madrid Depósito 2 17/01/2008     E-5302 1060096 23/02/2023 23/02/2023 Libro impreso